[Event "SR 3. liga A2 2009/2010"]
[Site "?"]
[Date "2010.02.28"]
[Round "9.3"]
[White "Slaby, Jozef"]
[Black "Vepy, Ivan"]
[Result "1-0"]
[WhiteElo "1963"]
[BlackElo "1920"]
[PlyCount "147"]
[EventDate "2009.??.??"]

1. d4 Nf6 2. c4 d5 3. e3 e6 4. Nf3 Be7 5. Bd3 O-O 6. O-O b6 7. Nbd2 Ba6 8. Qe2
c5 9. Rd1 Qe8 10. b3 Nc6 11. a3 Rd8 12. Bb2 cxd4 13. exd4 Na5 14. Rac1 Rc8 15.
Ne5 Nd7 16. Nef3 Bf6 17. Bc3 Nxb3 18. Nxb3 dxc4 19. Bb1 Be7 20. Bb4 Nf6 21. Na1
Bxb4 22. axb4 Qa4 23. Qa2 Qb5 24. Nc2 Bb7 25. Qa3 Nd5 26. Re1 Nf4 27. Re5 Qc6
28. b5 Qd7 29. Nce1 f6 30. Re3 Qxb5 31. Bc2 Qc6 32. Be4 Nd5 33. Bxd5 exd5 34.
Nh4 g6 35. Rg3 Kf7 36. h3 Rfe8 37. Nc2 b5 38. Qc3 Qb6 39. Ra1 Re2 40. Ne3 b4
41. Qc1 Qxd4 42. Kf1 Rb2 43. Nd1 Rc2 44. Qb1 b3 45. Nf3 Qb6 46. Ne1 Rd2 47. Nf3
Rxd1+ 48. Qxd1 b2 49. Rb1 c3 50. Nd4 Rc4 51. Nc2 Qb3 52. Rd3 Re4 53. Kg1 a5 54.
f3 Re7 55. Rd4 Ba6 56. Na1 Qa3 57. Ra4 Qc5+ 58. Qd4 c2 59. Nxc2 Qxc2 60. Rxb2
Re1+ 61. Kh2 Qc7+ 62. f4 Bc4 63. Rb6 Re6 64. Rxe6 Kxe6 65. Qe3+ Kf7 66. g3 g5
67. f5 Qd7 68. Rxa5 Qxf5 69. Ra7+ Kg6 70. Qe8+ Kh6 71. Qf8+ Kh5 72. Qf7+ Qg6
73. g4+ Kh6 74. Qf8+ 1-0

[Event "SR 3. liga A2 2009/2010"]
[Site "?"]
[Date "2010.02.28"]
[Round "9.4"]
[White "Hrubsa, Marian"]
[Black "Gono, Michal"]
[Result "0-1"]
[WhiteElo "1930"]
[BlackElo "1852"]
[PlyCount "120"]
[EventDate "2009.??.??"]

1. e4 c5 2. Nf3 a6 3. d4 cxd4 4. Nxd4 Nf6 5. Bc4 Qa5+ 6. Qd2 Qxd2+ 7. Nxd2 d6
8. c3 Nbd7 9. O-O Nc5 10. f3 e5 11. Nc2 b5 12. Be2 d5 13. exd5 Nxd5 14. c4 Nf4
15. Re1 Ncd3 16. Bxd3 Bc5+ 17. Kf1 Nxd3 18. Re2 f6 19. Ne3 Nf4 20. Re1 Nd3 21.
Re2 Be6 22. b3 Kf7 23. Ne4 Bd4 24. Rb1 Rhd8 25. Bd2 Bxe3 26. Bxe3 bxc4 27. bxc4
Bxc4 28. Rc2 Bb5 29. Rc7+ Kg6 30. a4 Bxa4 31. Rbb7 Rg8 32. g4 Bb5 33. Kg1 Rac8
34. Re7 Rce8 35. Rec7 Ne1 36. Kf2 Nd3+ 37. Kg3 Nf4 38. Bxf4 exf4+ 39. Kxf4 Rc8
40. h4 Rxc7 41. h5+ Kf7 42. Rxc7+ Ke6 43. Ra7 Kd5 44. h6 g5+ 45. Kg3 Ke6 46.
Rxh7 Rg6 47. Rh8 Ke7 48. Kf2 Be8 49. Ke3 Bf7 50. Ng3 Rg8 51. Rh7 Ke6 52. Nf5
Bg6 53. Nd4+ Kd5 54. Rd7+ Kc5 55. Nb3+ Kc6 56. Ra7 Kb6 57. Re7 a5 58. Re6+ Kb5
59. Rxf6 a4 60. Nc1 Kc4 0-1

[Event "SR 3. liga A2 2009/2010"]
[Site "?"]
[Date "2010.02.28"]
[Round "9.5"]
[White "Orvisky, Vladimir"]
[Black "Vach, Jozef"]
[Result "1-0"]
[WhiteElo "1883"]
[BlackElo "1907"]
[PlyCount "79"]
[EventDate "2009.??.??"]

1. c4 c5 2. Nc3 Nc6 3. g3 g6 4. Bg2 Bg7 5. Nf3 Nf6 6. O-O O-O 7. d4 cxd4 8.
Nxd4 a6 9. Bf4 Nxd4 10. Qxd4 Nh5 11. Be5 f6 12. Bf4 Nxf4 13. Qxf4 d6 14. Qe3
Re8 15. Rfd1 a5 16. c5 Ra6 17. Nb5 Bf8 18. Rd2 Qd7 19. a4 Kf7 20. Rad1 Rd8 21.
Qf4 Kg7 22. Rc1 Kf7 23. cxd6 Rc6 24. Bxc6 bxc6 25. Qc4+ Kg7 26. Qxc6 exd6 27.
Qb6 Be7 28. Rc7 Qe6 29. Nd4 Qe4 30. Nc6 Re8 31. Nxe7 Bh3 32. f3 Qb1+ 33. Kf2
Qf1+ 34. Ke3 Kf8 35. Qxd6 Qg1+ 36. Kd3 Qb1+ 37. Kc3 Qc1+ 38. Kb3 Be6+ 39. Qxe6
Qxc7 40. Qxf6# 1-0

[Event "SR 3. liga A2 2009/2010"]
[Site "?"]
[Date "2010.02.28"]
[Round "9.6"]
[White "Vogl, Zdenek"]
[Black "Siska, Michal"]
[Result "1-0"]
[WhiteElo "1887"]
[BlackElo "1607"]
[PlyCount "75"]
[EventDate "2009.??.??"]

1. e4 e6 2. d4 d5 3. e5 c5 4. c3 cxd4 5. cxd4 Bb4+ 6. Bd2 Nc6 7. Bb5 Bxd2+ 8.
Nxd2 Nge7 9. Ne2 O-O 10. O-O Qb6 11. Bxc6 bxc6 12. Nb3 a5 13. Qc2 Ba6 14. Nc5
Rfd8 15. Rfd1 Bxe2 16. Qxe2 Nf5 17. Rac1 a4 18. Rc3 Ra5 19. Qc2 Rda8 20. g4 Ne7
21. Rh3 Ng6 22. f4 Qb4 23. f5 exf5 24. gxf5 Nf4 25. Rf3 Nh5 26. Rh3 Nf4 27. Rh4
g5 28. Rh6 Qb5 29. Nd7 R5a7 30. Nf6+ Kf8 31. Rxh7 Ke7 32. Kf2 Rb8 33. Rd2 Rab7
34. b3 axb3 35. axb3 Qxb3 36. Qc5+ Kd8 37. Qd6+ Kc8 38. Rh8# 1-0

[Event "SR 3. liga A2 2009/2010"]
[Site "?"]
[Date "2010.02.28"]
[Round "9.7"]
[White "Sedlak, Rastislav"]
[Black "Planka, Peter"]
[Result "0-1"]
[WhiteElo "1562"]
[BlackElo "1776"]
[PlyCount "104"]
[EventDate "2009.??.??"]

1. e4 e5 2. Nf3 Nc6 3. Bc4 Bc5 4. O-O Nf6 5. d3 h6 6. Nc3 d6 7. h3 Na5 8. Bb3
Nxb3 9. axb3 O-O 10. Na4 Nd7 11. Re1 a6 12. Be3 Bxe3 13. Rxe3 f5 14. exf5 Rxf5
15. c4 b6 16. b4 Bb7 17. Nc3 Rf4 18. Ne4 Qf8 19. Qb3 Nf6 20. Rae1 Nxe4 21. dxe4
Qf7 22. b5 a5 23. Qd3 Rf8 24. R1e2 Bc8 25. Kh2 Be6 26. b3 Bxh3 27. gxh3 Rxf3
28. Rxf3 Qxf3 29. Qd5+ Kh7 30. Qd1 Rf6 31. Qf1 Qd3 32. Re1 Qxf1 33. Rxf1 Rf3
34. b4 axb4 35. Rb1 b3 36. Kg2 Rc3 37. f3 Rc2+ 38. Kg3 b2 39. Kg4 Kg6 40. h4
Rg2+ 41. Kh3 Rc2 42. Rg1+ Kf6 43. Rb1 g5 44. hxg5+ Kxg5 45. Kg3 h5 46. Kh3 Kf4
47. c5 Kxf3 48. cxd6 cxd6 49. Kh4 Kxe4 50. Kxh5 Kd3 51. Kg4 Kc3 52. Rd1 Rd2 0-1

[Event "SR 3. liga A2 2009/2010"]
[Site "?"]
[Date "2010.02.28"]
[Round "9.1"]
[White "Brisudova, Veronika"]
[Black "Horak, Ivan"]
[Result "0-1"]
[WhiteElo "1737"]
[BlackElo "2105"]
[PlyCount "66"]
[EventDate "2009.??.??"]

1. e4 c6 2. f4 d5 3. exd5 cxd5 4. Nf3 Nf6 5. d4 e6 6. Bd3 Nc6 7. c3 g6 8. Qe2
Be7 9. O-O Bd7 10. Nbd2 Qc7 11. Ne5 Kf8 12. Ndf3 Kg7 13. Bd2 a6 14. Rae1 Bd6
15. h3 h5 16. Ng5 Raf8 17. Qf3 Ne7 18. Rf2 Bc8 19. Bb1 h4 20. Qd3 Nf5 21. Rc1
Qb6 22. b3 Nh5 23. Qf3 f6 24. Nef7 Rxf7 25. Nxf7 Kxf7 26. Qg4 Nhg3 27. Re1 Bd7
28. Bc1 Qc7 29. Bd2 b5 30. Qf3 Qb6 31. Be3 Rc8 32. Rc1 Ba3 33. Rcc2 Ne4 0-1

[Event "SR 3. liga A2 2009/2010"]
[Site "?"]
[Date "2010.02.28"]
[Round "9.2"]
[White "Kovarik, Oto"]
[Black "Harasta, Juraj"]
[Result "0-1"]
[WhiteElo "2053"]
[BlackElo "1688"]
[PlyCount "44"]
[EventDate "2009.??.??"]

1. e4 e5 2. Nf3 Nc6 3. Bb5 a6 4. Bxc6 dxc6 5. h3 Bc5 6. O-O f6 7. Nxe5 fxe5 8.
Qh5+ Kf8 9. Qxe5 Qe7 10. Qc3 Nf6 11. e5 Nd5 12. Qf3+ Qf7 13. Qxf7+ Kxf7 14. c3
Rf8 15. d4 Be7 16. f4 h5 17. a4 Kg8 18. Na3 b5 19. Nc2 a5 20. Ne3 Nxf4 21. c4
bxc4 22. Nxc4 Ne2+ 0-1

[Event "SR 3. liga A2 2009/2010"]
[Site "?"]
[Date "2010.02.28"]
[Round "9.3"]
[White "Harasta, Marian"]
[Black "Bilovsky, Milan"]
[Result "0-1"]
[WhiteElo "1608"]
[BlackElo "1940"]
[PlyCount "42"]
[EventDate "2009.??.??"]

1. d4 d5 2. c4 c6 3. e3 Bf5 4. Nf3 e6 5. Nc3 Nf6 6. Be2 Bd6 7. Qb3 b6 8. O-O
Nbd7 9. cxd5 cxd5 10. Ba6 O-O 11. Nb5 Ne4 12. Bd2 Nxd2 13. Nxd2 Nf6 14. Rac1
Bxh2+ 15. Kxh2 Ng4+ 16. Kg1 Qh4 17. Nf3 Qh6 18. Nd6 Be4 19. Nxe4 dxe4 20. Rfd1
exf3 21. Qc2 Qh2+ 0-1

[Event "SR 3. liga A2 2009/2010"]
[Site "?"]
[Date "2010.02.28"]
[Round "9.4"]
[White "Jozefovic, Milan"]
[Black "Berger, Patrik"]
[Result "1-0"]
[WhiteElo "1904"]
[BlackElo "1627"]
[PlyCount "51"]
[EventDate "2009.??.??"]

1. e4 c5 2. Nf3 d6 3. Bc4 e6 4. O-O Nc6 5. d4 cxd4 6. Nxd4 Nf6 7. Nc3 Be7 8.
Bg5 O-O 9. Ndb5 Nxe4 10. Bxe7 Nxc3 11. Bxd8 Nxd1 12. Raxd1 Rxd8 13. Nxd6 a6 14.
c3 b5 15. Be2 Na5 16. Bf3 Ra7 17. Nxb5 Rad7 18. Na3 Bb7 19. Rxd7 Rxd7 20. Bxb7
Nxb7 21. Nc4 Nc5 22. Ne3 f5 23. Rd1 Rb7 24. Nc4 Na4 25. Rd8+ Kf7 26. Nd6+ 1-0

[Event "SR 3. liga A2 2009/2010"]
[Site "?"]
[Date "2010.02.28"]
[Round "9.5"]
[White "Zlamal, Marek"]
[Black "Hrubos, Milan"]
[Result "0-1"]
[WhiteElo "1505"]
[BlackElo "1854"]
[PlyCount "88"]
[EventDate "2009.??.??"]

1. e4 e5 2. Nf3 Nc6 3. d3 Nf6 4. Bg5 h6 5. Bh4 Be7 6. Nc3 d6 7. Bg3 Bg4 8. Be2
O-O 9. h3 Bxf3 10. Bxf3 Nd4 11. Nd5 Nxd5 12. exd5 Qd7 13. c3 Nxf3+ 14. Qxf3 c6
15. dxc6 bxc6 16. Qe2 f5 17. f4 exf4 18. Bxf4 Bh4+ 19. Kd2 Rae8 20. Qf3 d5 21.
g3 Bd8 22. Be3 Bb6 23. Bxb6 axb6 24. Rh2 d4 25. Re1 dxc3+ 26. bxc3 Qa7 27. Ra1
Qa3 28. Kc2 Qa4+ 29. Kd2 f4 30. gxf4 Rxf4 31. Qg3 Ref8 32. Rg2 g5 33. Qe3 Qb5
34. Qe6+ Kg7 35. Rc1 Qb2+ 36. Rc2 Rf2+ 37. Ke3 Qxc2 38. Qe7+ R8f7 39. Qe5+ R7f6
40. Qe7+ Kg6 41. Qe8+ Kg7 42. Qe7+ Rf7 43. Qe5+ Kf8 44. Qd6+ Re7+ 0-1

[Event "SR 3. liga A2 2009/2010"]
[Site "?"]
[Date "2010.02.28"]
[Round "9.6"]
[White "Holly, Milan"]
[Black "Drabek, Martin"]
[Result "1-0"]
[WhiteElo "1820"]
[BlackElo "1449"]
[PlyCount "121"]
[EventDate "2009.??.??"]

1. Nf3 Nc6 2. b3 e5 3. Bb2 d6 4. e3 a6 5. Be2 Nf6 6. O-O Be7 7. c4 Bf5 8. d4
exd4 9. Nxd4 Nxd4 10. Qxd4 c5 11. Qf4 Bg6 12. Nc3 O-O 13. Rfd1 Qd7 14. Na4 Qf5
15. Qxf5 Bxf5 16. Bf3 Rab8 17. Nb6 Rfd8 18. g3 Nd7 19. Nd5 Bf8 20. Rd2 b5 21.
Bc3 Ne5 22. Bxe5 dxe5 23. Rad1 Kh8 24. cxb5 axb5 25. Be2 b4 26. Bc4 Bg4 27. Be2
Bxe2 28. Rxe2 Rd6 29. e4 g6 30. f3 Rbd8 31. Red2 Bh6 32. Rc2 Be3+ 33. Nxe3
Rxd1+ 34. Nxd1 Rxd1+ 35. Kf2 f6 36. Ke2 Rg1 37. Kd3 Rd1+ 38. Kc4 Rd8 39. Kb5
Rb8+ 40. Kc6 Rd8 41. Rf2 Rd4 42. Kxc5 Kg7 43. Kb5 Kf7 44. Ka4 Ke7 45. a3 bxa3+
46. Kxa3 Kd7 47. b4 Kc6 48. Ka4 Kb6 49. f4 Rxe4 50. fxe5 fxe5 51. Rf6+ Kb7 52.
Kb5 Rd4 53. Rf7+ Kb8 54. Rxh7 e4 55. Re7 Rd2 56. Rxe4 Rxh2 57. Re6 g5 58. Rg6
Rh7 59. Rg8+ Kc7 60. Rxg5 Kd6 61. Kb6 1-0

[Event "SR 3. liga A2 2009/2010"]
[Site "?"]
[Date "2010.02.28"]
[Round "9.7"]
[White "Hornacek, Vendelin"]
[Black "Holiencin, Filip"]
[Result "0-1"]
[WhiteElo "1622"]
[BlackElo "1623"]
[PlyCount "80"]
[EventDate "2009.??.??"]

1. e4 c5 2. Nf3 d6 3. c3 Nf6 4. e5 Ng4 5. exd6 exd6 6. Bb5+ Bd7 7. Bxd7+ Nxd7
8. d4 Qe7+ 9. Qe2 Qxe2+ 10. Kxe2 Be7 11. Re1 O-O 12. h3 Ngf6 13. Kf1 Rfe8 14.
Nbd2 b5 15. b3 Nd5 16. Bb2 b4 17. c4 Nf4 18. Re3 f6 19. Rae1 Kf7 20. Nh4 g6 21.
g4 f5 22. Ng2 Nxg2 23. Kxg2 Bf6 24. Rxe8 Rxe8 25. Rxe8 Kxe8 26. Nf3 fxg4 27.
hxg4 Nf8 28. g5 Bg7 29. a3 a5 30. axb4 axb4 31. Kg3 Ne6 32. d5 Bxb2 33. dxe6
Ke7 34. Kf4 Kxe6 35. Ke4 Bc1 36. Kd3 Kf5 37. Nd4+ cxd4 38. Kxd4 Bxg5 39. Kd5
Bf4 40. f3 h5 0-1

[Event "SR 3. liga A2 2009/2010"]
[Site "?"]
[Date "2010.02.28"]
[Round "9.8"]
[White "Pivacek, Jozef"]
[Black "Davidik, Miroslav"]
[Result "1-0"]
[WhiteElo "1000"]
[BlackElo "1515"]
[PlyCount "39"]
[EventDate "2009.??.??"]

1. e4 c5 2. Nc3 a6 3. g3 Nc6 4. Bg2 d6 5. f4 e6 6. Nf3 Bd7 7. O-O Qb6 8. d3
Nge7 9. Rb1 g6 10. Be3 Bg7 11. Qd2 Qc7 12. Ne2 b6 13. c3 d5 14. b4 c4 15. exd5
exd5 16. d4 f6 17. h3 b5 18. g4 O-O-O 19. g5 Bf5 20. Ra1 1-0

[Event "SR 3. liga A2 2009/2010"]
[Site "?"]
[Date "2009.12.20"]
[Round "9.1"]
[White "Petran, Peter"]
[Black "Pagerka, Martin"]
[Result "1/2-1/2"]
[WhiteElo "2361"]
[BlackElo "2097"]
[PlyCount "54"]
[EventDate "2009.??.??"]

1. g3 d5 2. Bg2 Nf6 3. Nf3 c6 4. d3 Bg4 5. Nbd2 Nbd7 6. h3 Bh5 7. Nh4 Bg6 8.
Nxg6 hxg6 9. O-O e6 10. e4 Bc5 11. Qe2 Nh5 12. Kh2 Qe7 13. Nf3 Ndf6 14. Ng5
dxe4 15. Nxe4 Nxe4 16. Qxe4 f5 17. Qe2 g5 18. d4 Bd6 19. Re1 f4 20. Bf3 fxg3+
21. Kg2 O-O 22. fxg3 Nxg3 23. Qxe6+ Qxe6 24. Rxe6 Nf5 25. Bxg5 Nxd4 26. Rxd6
Nxf3 27. Be7 Rf7 1/2-1/2

[Event "SR 3. liga A2 2009/2010"]
[Site "?"]
[Date "2009.12.20"]
[Round "9.2"]
[White "Hecko, Dusan"]
[Black "Meszaros, Lorant"]
[Result "1-0"]
[WhiteElo "2115"]
[BlackElo "2119"]
[PlyCount "75"]
[EventDate "2009.??.??"]

1. c4 f5 2. Nf3 Nf6 3. Nc3 g6 4. g3 Bg7 5. Bg2 O-O 6. O-O d6 7. d4 Nc6 8. Bg5
Ne4 9. Be3 Nxc3 10. bxc3 e5 11. d5 Ne7 12. Qc1 b6 13. Bh6 Qe8 14. a4 a5 15. Re1
Bd7 16. Bxg7 Kxg7 17. Qc2 $11 Ng8 18. e3 Nf6 19. Nd2 g5 20. f4 gxf4 21. exf4 e4
22. Nf3 Qh5 23. Nd4 Ng4 24. h3 Nf6 25. Re3 Rae8 26. Kf2 Re7 27. Qd2 Kf7 28. Nb5
Bxb5 29. cxb5 Nd7 30. c4 Nc5 31. Bf1 Rg8 32. Kg2 Ke8 33. Qe2 Qh6 34. Qf2 Qf6
35. Raa3 h5 36. Be2 Rh7 37. Kh2 $11 Qb2 38. Bxh5+ 1-0

[Event "SR 3. liga A2 2009/2010"]
[Site "?"]
[Date "2009.12.20"]
[Round "9.3"]
[White "Szitasi, Janos"]
[Black "Diviak, Rastislav"]
[Result "1/2-1/2"]
[WhiteElo "2005"]
[BlackElo "2043"]
[Annotator ",Jozef"]
[PlyCount "23"]
[EventDate "2009.??.??"]

1. e4 c5 2. Nf3 d6 3. d4 cxd4 4. Nxd4 Nf6 5. Nc3 a6 6. Be2 e6 7. O-O Be7 8. Be3
O-O 9. f4 Qc7 10. Bf3 Nc6 11. Qd2 Bd7 12. Rad1 $11 1/2-1/2

[Event "SR 3. liga A2 2009/2010"]
[Site "?"]
[Date "2009.12.20"]
[Round "9.4"]
[White "Cajka, Tibor"]
[Black "Kosar, Mikulas"]
[Result "1-0"]
[WhiteElo "1932"]
[BlackElo "1876"]
[PlyCount "105"]
[EventDate "2009.??.??"]

1. e4 e5 2. Nf3 Nf6 3. d4 Nxe4 4. Bd3 d5 5. dxe5 Bc5 6. Bxe4 dxe4 7. Qxd8+ Kxd8
8. Ng5 Re8 9. O-O h6 10. Nxe4 Rxe5 11. Nbc3 Bf5 12. Nxc5 Rxc5 13. Be3 Rc6 $11
14. Rad1+ Ke8 15. Rfe1 Re6 16. Nb5 Na6 17. Nd4 Bg6 18. Nxe6 fxe6 19. c3 b6 20.
Bf4 Ke7 21. Be5 Bf5 22. Bxg7 h5 23. Be5 Rc8 24. b4 Nb8 25. Bg3 Nd7 26. Rd4 c5
27. Rh4 cxb4 28. Rxh5 Kf7 29. cxb4 Nf6 30. Rh4 Ne4 31. f3 Nc3 32. a3 b5 33. Bf2
a6 34. Bc5 Nd5 35. Rd4 a5 36. g4 Bc2 37. Re2 Bb3 38. h4 Bc4 39. Red2 a4 40. Kf2
Rg8 41. Kg3 Kf6 42. h5 Rc8 43. f4 Ne3 44. Kf3 Nd5 45. Re4 Kf7 46. g5 Nc3 47.
Rd7+ Kg8 48. Rxc4 bxc4 49. h6 Nb5 50. Rb7 Rxc5 51. bxc5 Nd4+ 52. Ke4 Nf5 53. c6
1-0

[Event "SR 3. liga A2 2009/2010"]
[Site "?"]
[Date "2009.12.20"]
[Round "9.5"]
[White "Szekely, Stefan"]
[Black "Danada, Ondrej"]
[Result "1/2-1/2"]
[WhiteElo "1984"]
[BlackElo "1884"]
[PlyCount "121"]
[EventDate "2009.??.??"]

1. c4 e5 2. Nc3 Nc6 3. d3 Nf6 4. Nf3 Bb4 5. Bd2 O-O 6. g3 Re8 7. Bg2 Bxc3 8.
bxc3 e4 9. dxe4 Nxe4 10. O-O Qf6 11. Qc2 Na5 12. Qd3 d6 13. Qd5 Nc5 14. Be3 Be6
15. Qd4 Bxc4 16. Qxf6 gxf6 17. Rfe1 Ne6 18. Nh4 $11 d5 19. Nf5 c6 20. h4 Ba6
21. Bf3 Nc4 22. Bc1 Ne5 23. Bh5 $11 Ng7 24. Nxg7 Kxg7 25. Be3 Nc4 26. Bc1 Re7
27. e3 Rae8 28. Be2 Re6 29. Bxc4 Bxc4 30. a3 Bd3 31. Bb2 c5 32. a4 Rb6 33. Ba3
Rc8 34. Red1 Be4 35. Rd2 Rb3 36. g4 Rxc3 37. g5 Rc2 38. Rxc2 Bxc2 39. Bb2 Kg6
40. Bxf6 Kh5 41. Be7 c4 42. Kg2 Bd3 43. Kf3 c3 44. Bf6 c2 45. Bb2 Rc4 46. Bc1
Rb4 47. Ra3 Be4+ 48. Ke2 Rb1 49. Kd2 Kxh4 50. f4 b6 51. Ra2 a6 52. Rb2 $11 b5
53. axb5 axb5 54. Ra2 b4 55. Ra6 Kg3 56. Ra4 Kf2 57. Ra6 Rb3 58. Rh6 Bg6 59. f5
Bxf5 60. Rf6 Rd3+ 61. Kxc2 $11 1/2-1/2

[Event "SR 3. liga A2 2009/2010"]
[Site "?"]
[Date "2009.12.20"]
[Round "9.6"]
[White "Jozefek, Michal"]
[Black "Both, Lajos"]
[Result "1/2-1/2"]
[WhiteElo "1902"]
[BlackElo "1904"]
[PlyCount "109"]
[EventDate "2009.??.??"]

1. d4 d5 2. c4 e6 3. Nc3 c6 4. Nf3 Nf6 5. e3 Nbd7 6. b3 Bd6 7. Bd3 O-O 8. O-O
dxc4 9. bxc4 Re8 10. Qc2 c5 11. Ba3 b6 12. Ne4 Bf8 13. Rad1 Qc7 14. Neg5 g6 15.
e4 e5 16. dxe5 Nxe5 17. Nxe5 Qxe5 18. f4 Qc7 19. h3 h6 20. Nf3 Qxf4 21. e5 Nh5
22. Bc1 Qg3 23. Be4 Rb8 24. Bc6 Bf5 25. Qf2 Red8 26. Bd5 Qxf2+ 27. Rxf2 Be6 28.
g4 Ng7 29. Bxh6 Bxd5 30. cxd5 Ne6 31. Be3 Nc7 32. Rfd2 Bg7 33. Bf4 Rbc8 34. Kf2
Nb5 35. Rc1 Rd7 36. d6 Re8 37. a4 Nd4 38. Nxd4 cxd4 39. Re1 Rc8 40. Rxd4 Rc2+
41. Re2 Rc3 42. Re3 Rc2+ 43. Kf3 Kf8 44. h4 Ke8 45. e6 fxe6 46. Rxe6+ Kf7 47.
Rde4 Rc3+ 48. Be3 Bf8 49. h5 gxh5 50. gxh5 Rxd6 51. Rxd6 Bxd6 52. h6 Kg8 53.
Re8+ Kh7 54. Ke2 Rc7 55. Re6 1/2-1/2

[Event "SR 3. liga A2 2009/2010"]
[Site "?"]
[Date "2009.12.20"]
[Round "9.7"]
[White "Kalmar, Tamas"]
[Black "Hanzluvka, Peter"]
[Result "1/2-1/2"]
[WhiteElo "1714"]
[BlackElo "2007"]
[PlyCount "78"]
[EventDate "2009.??.??"]

1. d4 Nf6 2. Nf3 d5 3. g3 g6 4. Bg2 Bg7 5. O-O O-O 6. c4 c6 7. cxd5 cxd5 8. Nc3
Nc6 9. Bg5 Bf5 10. Nh4 Bg4 11. h3 Be6 12. Nf3 Qb6 13. Na4 Qb4 14. a3 Qa5 15. b4
Qd8 16. Nc5 Bc8 17. Rc1 Ne4 18. Bf4 e6 19. Qd3 Nd6 20. Bxd6 Qxd6 21. Rc2 b6 22.
Nb3 Bb7 23. Rfc1 Rac8 24. b5 Ne7 25. a4 Rxc2 26. Rxc2 Rc8 27. a5 Rxc2 28. Qxc2
bxa5 29. Nxa5 Ba8 30. Qc5 Qd7 31. Ne5 Bxe5 32. dxe5 Nc8 33. Nc6 Bxc6 34. bxc6
Qc7 35. e4 d4 36. Qxd4 Qxc6 37. Qd8+ Kg7 38. Qf6+ Kg8 39. Qd8+ Kg7 1/2-1/2

[Event "SR 3. liga A2 2009/2010"]
[Site "?"]
[Date "2009.12.20"]
[Round "9.8"]
[White "Skapik, Branislav"]
[Black "Bernath, Mikulas"]
[Result "1-0"]
[WhiteElo "1847"]
[BlackElo "1895"]
[PlyCount "151"]
[EventDate "2009.??.??"]

1. e4 c5 2. Nc3 Nc6 3. f4 e5 4. f5 Nf6 5. Nf3 h6 6. h3 a6 7. a4 b6 8. Bc4 Bd6
9. d3 Bb7 10. g4 Nd4 11. g5 Nxf3+ 12. Qxf3 hxg5 13. Bxg5 Be7 14. O-O-O Bc6 15.
h4 b5 16. axb5 axb5 17. Bxb5 Bxb5 18. Nxb5 Qb6 19. c4 Qa5 20. Qf2 d6 21. Bxf6
gxf6 22. Qc2 Bf8 23. Rdg1 Kd7 24. Kd1 Bh6 25. Ke2 Qb4 26. Qc3 Ra4 27. Ra1 Rha8
28. Qxb4 cxb4 29. Rxa4 Rxa4 30. Rb1 Ra8 31. Kd1 Be3 32. Kc2 Rh8 33. Kb3 Bc5 34.
Rh1 Rh5 35. Kc2 Bf2 36. Kb3 Bc5 37. Rh2 Kc6 38. Kc2 Kd7 39. Kd2 Bb6 40. Ke2 Bc5
41. Kf3 Bb6 42. Kg4 Rh7 43. h5 Be3 44. b3 Bc5 45. Ra2 Rg7+ 46. Kf3 Rh7 47. Rh2
Rh6 48. Rh4 Bb6 49. Rh3 Bc5 50. Kg4 Bb6 51. Rg3 Rh7 52. Rg2 Bc5 53. Rd2 Be3 54.
Rd1 Bf4 55. Ra1 Be3 56. Ra6 Bc5 57. Ra8 Rg7+ 58. Kf3 Rh7 59. Rb8 Rxh5 60. Rb7+
Ke8 61. Nc7+ Kf8 62. Rb8+ Kg7 63. Ne8+ Kh6 64. Nxf6 Rh3+ 65. Kg4 Rxd3 66. Nh5
Kh7 67. Rf8 Rd1 68. Rxf7+ Kg8 69. Rg7+ Kf8 70. f6 Rg1+ 71. Kf5 Rxg7 72. Nxg7
Kf7 73. Ne6 Bb6 74. Ng5+ Kf8 75. Kg6 Be3 76. Nh7+ 1-0

[Event "SR 3. liga A2 2009/2010"]
[Site "?"]
[Date "2010.02.13"]
[Round "9.1"]
[White "Lesny, Stefan"]
[Black "Cechovic, Stefan"]
[Result "0-1"]
[WhiteElo "2086"]
[BlackElo "2181"]
[PlyCount "114"]
[EventDate "2009.??.??"]

1. e4 c6 2. f4 d5 3. e5 Bf5 4. Nf3 e6 5. d3 c5 6. c3 Nc6 7. g3 Be7 8. Bg2 h5 9.
h4 Nh6 10. Na3 Bg4 11. O-O Nf5 12. Qe1 Rb8 13. Nc2 Bxf3 14. Rxf3 g6 15. Kh2 b5
16. Rf1 c4 17. Qd2 Qb6 18. Ne3 Nxe3 19. Qxe3 Qxe3 20. Bxe3 O-O 21. Rf2 Rfc8 22.
Rd1 a5 23. a3 cxd3 24. Rxd3 b4 25. axb4 axb4 26. cxb4 Bxb4 27. Rc2 Na5 28. Re2
Rc6 29. Bd4 Rbc8 30. Bf3 Rc2 31. Kh3 Rxe2 32. Bxe2 Kf8 33. Bd1 Ke7 34. g4 hxg4+
35. Kxg4 Rh8 36. Bf2 Rc8 37. Bd4 Rc4 38. Kg5 Kf8 39. h5 Be7+ 40. Kh6 gxh5 41.
Kxh5 Nc6 42. Be3 Nxe5 43. Rc3 Rxc3 44. bxc3 Nd7 45. Kg4 Bf6 46. Ba4 Ke7 47. Bd4
Bxd4 48. cxd4 Nf6+ 49. Kf3 Ne4 50. Bc2 Nd6 51. Bd3 Kf6 52. Kg4 Nc8 53. f5 e5
54. dxe5+ Kxe5 55. Kg5 f6+ 56. Kg4 Nd6 57. Bb1 Nc4 0-1

[Event "SR 3. liga A2 2009/2010"]
[Site "?"]
[Date "2010.02.13"]
[Round "9.2"]
[White "Liptak, Tomas"]
[Black "Bebiak, Jozef"]
[Result "1-0"]
[WhiteElo "2036"]
[BlackElo "2130"]
[PlyCount "120"]
[EventDate "2009.??.??"]

1. e4 c5 2. Nf3 a6 3. b3 d6 4. Bb2 Bg4 5. h3 Bh5 6. Be2 e6 7. O-O Nf6 8. Nc3
Nc6 9. d3 Be7 10. Nh2 Bxe2 11. Nxe2 Qc7 12. f4 d5 13. e5 Nd7 14. c3 f5 15. exf6
Bxf6 16. d4 O-O 17. Qd3 cxd4 18. cxd4 Qb6 19. Kh1 Be7 20. Ng4 Nf6 21. Nxf6+
Rxf6 22. Bc3 Raf8 23. Rf3 Bd6 24. Raf1 Ne7 25. Bd2 Ng6 26. g3 Qc7 27. Kg2 Ne7
28. Be1 Rc8 29. Bc3 Nf5 30. Rc1 Qb6 31. Ba5 Qxa5 32. Rxc8+ Kf7 33. a4 Rg6 34.
Kf2 Qb6 35. Ke1 Bb4+ 36. Kd1 Nd6 37. Rc2 Ne4 38. g4 Rh6 39. Kc1 Rf6 40. Kb1 Qa5
41. Ka1 Kg8 42. Rc8+ Bf8 43. Rf1 Qb4 44. Rc2 Rf7 45. f5 exf5 46. Rxf5 Rxf5 47.
gxf5 Bd6 48. Nc1 Bf4 49. Kb2 Qe1 50. Ne2 Bd6 51. Nc3 Nf6 52. Re2 Qh4 53. Qe3
Bf8 54. Nxd5 Nxd5 55. Qe6+ Kh8 56. Qxd5 Qf6 57. Re8 h6 58. Qd8 Qxd8 59. Rxd8
Kg8 60. Rb8 Kf7 1-0

[Event "SR 3. liga A2 2009/2010"]
[Site "?"]
[Date "2010.02.13"]
[Round "9.3"]
[White "Csiba, Peter"]
[Black "Sarmir, Milos"]
[Result "1/2-1/2"]
[WhiteElo "2104"]
[BlackElo "2090"]
[PlyCount "28"]
[EventDate "2009.??.??"]

1. e4 e5 2. Nf3 Nc6 3. Nc3 d6 4. d4 exd4 5. Nxd4 Nxd4 6. Qxd4 Nf6 7. Bg5 Be7 8.
Bc4 a6 9. f4 b5 10. Be2 h6 11. Bxf6 Bxf6 12. Qd2 Bb7 13. O-O O-O 14. Bf3 Bxc3
$11 1/2-1/2

[Event "SR 3. liga A2 2009/2010"]
[Site "?"]
[Date "2010.02.13"]
[Round "9.4"]
[White "Liptak, Dusan"]
[Black "Merva, Frantisek"]
[Result "1-0"]
[WhiteElo "1916"]
[BlackElo "2053"]
[PlyCount "103"]
[EventDate "2009.??.??"]

1. Nf3 Nf6 2. c4 e6 3. Nc3 b6 4. d4 Bb4 5. e3 O-O 6. a3 Bxc3+ 7. bxc3 d6 8. Bd3
Bb7 9. O-O Nbd7 10. Ne1 Qe7 11. f3 a5 12. e4 e5 13. Bg5 h6 14. Bh4 g5 15. Bf2
Nh5 16. g3 Ng7 17. Qb1 Ne6 18. Ng2 Ng7 19. Be3 Qe6 20. g4 Ba6 21. Qa2 f6 22.
Qe2 Qf7 23. d5 Qe8 24. Qc2 Kf7 25. Kf2 Nc5 26. Bxc5 dxc5 27. Ne3 Bc8 28. h3 Bd7
29. Rh1 Rh8 30. Rag1 h5 31. Qe2 Qe7 32. Bc2 Rag8 33. Nd1 Ne8 34. Nb2 Nd6 35.
Ba4 Bc8 36. Bb3 Rh6 37. Ba4 Rgh8 38. Kg2 Kg6 39. Bc2 hxg4 40. hxg4 Qh7 41.
Rxh6+ Qxh6 42. Kf1 Ba6 43. Bd3 Qg7 44. Ke1 Rh4 45. Kd2 Qh6 46. Qf2 Rh3 47. Bf1
Rh2 48. Rg2 Rh1 49. Rg1 Qh2 50. Rg2 Qf4+ 51. Kc2 a4 52. Nd3 1-0

[Event "SR 3. liga A2 2009/2010"]
[Site "?"]
[Date "2010.02.13"]
[Round "9.5"]
[White "Kolesar, Rastislav"]
[Black "Vlkovic, Pavol"]
[Result "0-1"]
[WhiteElo "2012"]
[BlackElo "1930"]
[PlyCount "44"]
[EventDate "2009.??.??"]

1. e4 Nf6 2. e5 Nd5 3. c4 Nb6 4. d4 d6 5. exd6 exd6 6. Nc3 Nc6 7. Be2 Bf5 8. a3
Be7 9. Nf3 O-O 10. O-O Bf6 11. c5 dxc5 12. dxc5 Qxd1 13. Rxd1 Bxc3 14. bxc3 Na4
15. Nd4 Nxc3 16. Nxc6 bxc6 17. Re1 Rfe8 18. Kf1 Nxe2 19. Rxe2 Bd3 20. Be3 f5
21. Rae1 Rab8 22. g3 Rb2 0-1

[Event "SR 3. liga A2 2009/2010"]
[Site "?"]
[Date "2010.02.13"]
[Round "9.6"]
[White "Markuliak, Mario"]
[Black "Obdrzalkova, Anitta"]
[Result "0-1"]
[WhiteElo "1909"]
[BlackElo "2004"]
[PlyCount "58"]
[EventDate "2009.??.??"]

1. e4 c5 2. c4 d6 3. Nc3 Nf6 4. g3 g6 5. Bg2 Bg7 6. Nge2 O-O 7. O-O Nc6 8. d3
a6 9. f4 Rb8 10. h3 Bd7 11. g4 b5 12. Ng3 Ne8 13. Nce2 bxc4 14. dxc4 Bxb2 15.
Bxb2 Rxb2 16. Qa4 Nd4 17. Qd1 Nxe2+ 18. Nxe2 Qa5 19. a3 Be6 20. Qd3 Rd2 21. Qc3
Qxc3 22. Nxc3 Bxc4 23. Rf2 Rxf2 24. Kxf2 Nc7 25. Rb1 Nb5 26. Nxb5 axb5 27. Ke3
Ra8 28. Ra1 Ra4 29. Bf3 b4 0-1